000
00343 a2200157 4500
001
179592
020
_a
040
_c
Magnum
100
_a
Specker, Louis
240
1
0
_a
A corrida dos animais
_l
por
245
1
0
_a
A corrida dos animais
362
0
_a
1899
440
1
_a
Melhoramentos
697
_a
MAGNITO: IJ/FADAS, FANTASIA
942
_c
BK
999
_c
179592
_d
179592